Представление документа в формате RUSMARC

ПолеНазваниеЗначение
  Тип записи a
  Библиографический уровень m
001 Контрольный номер RU/SLIB/B/208751769
005 Дата корректировки 20201206204134.4
010 Индекс ISBN __
d Цена 1-70
101 Язык документа 0_
a Язык текста rus
200 Заглавие и сведения об ответственности 1_
a Заглавие Н. Е. Лансере
b Общее обозначение материала Текст
210 Выходные данные __
a Место издания Л.
c Издательство Стройиздат
d Дата издания 1986
215 Физическое описание __
a Объем 184 с., [1] л. портр.
600 Персоналии __
a Персоналии (Фамилия) Лансере, Н. Е.
606 Тематические рубрики __
a Основная рубрика Изобразительное искусство и архитектура
y Географическая подрубрика СССР; Россия
606 Тематические рубрики __
a Основная рубрика История архитектуры
610 Ключевые слова __
a Ключевые слова архитекторы; творчество; персоналии; биографии
686 Индексы других классификаций __
a Классификационный индекс 85.113(2=411.2)53-8; ст85.113(2)г
700 Автор _1
a Фамилия Оль
b Имя Г. А.
4 Код отношения 070
801 Источник записи _0
a Страна RU
b Организация Муниципальное бюджетное учреждение культуры "Централизованная библиотечная система" г. Сургут (Центральная городская библиотека им. А. С. Пушкина)
g Правила каталогизации КиК/Уланова
801 Источник записи _1
a Страна RU
b Организация Муниципальное бюджетное учреждение культуры "Централизованная библиотечная система" г. Сургут (Центральная городская библиотека им. А. С. Пушкина)
g Правила каталогизации КиК/Уланова
852 Данные о местонахождении __
j Шифр хранения 85.113(2=411.2)53-8
c Каталожный индекс 85.113(2)6-8
i Авторский знак О-56
p Инвентарный номер 28186
901 Тип документа __
t Тип документа m
903 Характеристики (МАРС) __
a Дата передачи 20090111
990 Данные о заказе (DOS) __
j Количество экземпляров (DOS) 2